[Event "Titled Tuesday intern op 11th Oct Early"]
[Site "Chess.com INT"]
[Date "2022.10.11"]
[Round "6"]
[White "Prokofyev, Valentyn"]
[Black "Amgalantengis, Enkh Amgalan"]
[Result "1/2-1/2"]
[WhiteElo "2280"]
[BlackElo "1872"]
[PlyCount "221"]
[EventDate "2022.10.11"]
[EventType "swiss (blitz)"]
[EventRounds "11"]
[EventCountry "USA"]
[SourceTitle "EXT 2024"]
[Source "ChessBase"]
[SourceDate "2023.10.10"]
[SourceVersion "1"]
[SourceVersionDate "2023.10.10"]
[SourceQuality "1"]

1. d4 d5 2. c4 c6 3. cxd5 cxd5 4. Bf4 Nf6 5. Nc3 Nc6 6. e3 e6 7. Nf3 Bd6 8. Ne5 Bxe5 9. dxe5 Nd7 10. Bb5 0-0 11. e4 Ndxe5 12. exd5 exd5 13. Qxd5 Be6 14. Qxd8 Raxd8 15. 0-0 a6 16. Be2 Nd3 17. Bg5 f6 18. Bxd3 Rxd3 19. Be3 Rfd8 20. h3 Ne5 21. Ne4 Nc4 22. Bc1 Rd1 23. b3 Ne5 24. Bf4 Rxa1 25. Rxa1 Nc6 26. Nc5 Bc8 27. Re1 Kf7 28. Kh2 b6 29. Ne4 Nd4 30. Nd6+ Kg6 31. Re7 Nf5 32. Nxf5 Bxf5 33. Rb7 b5 34. Ra7 Rd4 35. Be3 Rd6 36. a4 bxa4 37. bxa4 Bc2 38. a5 Bd3 39. Bc5 Rc6 40. Bf8 Bb5 41. Rxg7+ Kf5 42. Kg3 Rc3+ 43. f3 Rc2 44. Kh4 Rc4+ 45. g4+ Kf4 46. Rxh7 Kxf3 47. Rf7 Rc6 48. Bg7 Kg2 49. Re7 Bd3 50. Rf7 f5 51. gxf5 Rc4+ 52. Kg5 Kxh3 53. Be5 Rg4+ 54. Kf6 Rg2 55. Rh7+ Kg4 56. Rg7+ Kf3 57. Rxg2 Kxg2 58. Ke6 Bc4+ 59. Ke7 Kf3 60. f6 Ke4 61. Bb2 Kd5 62. Kd7 Kc5 63. Kc7 Kb5 64. Bc3 Bf7 65. Kd7 Bc4 66. Be1 Bb3 67. Kd6 Ba2 68. Kd7 Bb3 69. Bc3 Ba2 70. Ke8 Bb3 71. f7 Bxf7+ 72. Kxf7 Kc6 73. Ke6 Kb7 74. Kd7 Ka8 75. Kc8 Ka7 76. Bd4+ Ka8 77. Be5 Ka7 78. Kc7 Ka8 79. Bf6 Ka7 80. Kc6 Ka8 81. Kb6 Kb8 82. Kxa6 Ka8 83. Kb6 Kb8 84. a6 Ka8 85. Bd4 Kb8 86. Bc5 Ka8 87. Bb4 Kb8 88. Ba5 Ka8 89. Bc3 Kb8 90. Bd4 Ka8 91. Be3 Kb8 92. Kc6 Ka8 93. Bb6 Kb8 94. Bc7+ Ka8 95. Bd8 Ka7 96. Kb5 Ka8 97. Bf6 Kb8 98. Bd4 Ka8 99. Kc6 Kb8 100. Kd7 Ka8 101. Kd8 Kb8 102. Bb6 Ka8 103. Kd7 Kb8 104. Kc6 Ka8 105. Kb5 Kb8 106. Bc7+ Ka8 107. Bf4 Ka7 108. Be3+ Ka8 109. Kc6 Kb8 110. Bb6 Ka8 111. a7 1/2-1/2

[Event "Titled Tuesday intern op 11th Oct Early"]
[Site "Chess.com INT"]
[Date "2022.10.11"]
[Round "1"]
[White "Prokofyev, Valentyn"]
[Black "Valle, Luis E"]
[Result "1-0"]
[WhiteElo "2280"]
[BlackElo "2268"]
[PlyCount "117"]
[EventDate "2022.10.11"]
[EventType "swiss (blitz)"]
[EventRounds "11"]
[EventCountry "USA"]
[SourceTitle "EXT 2024"]
[Source "ChessBase"]
[SourceDate "2023.10.10"]
[SourceVersion "1"]
[SourceVersionDate "2023.10.10"]
[SourceQuality "1"]

1. d4 Nf6 2. c4 e6 3. Nf3 d5 4. e3 c5 5. cxd5 exd5 6. Bb5+ Bd7 7. Bxd7+ Nbxd7 8. 0-0 Be7 9. b3 Rc8 10. dxc5 Nxc5 11. Bb2 0-0 12. Nc3 Nce4 13. Qd3 Nxc3 14. Bxc3 Ne4 15. Bd4 Bf6 16. Rad1 Bxd4 17. Nxd4 Qf6 18. Nf3 Rfd8 19. Rc1 Rc6 20. Rxc6 bxc6 21. Qa6 g5 22. Nd4 c5 23. Qxf6 Nxf6 24. Nf5 Ne4 25. Rd1 Nc3 26. Rd2 Kf8 27. h3 f6 28. Rc2 d4 29. exd4 cxd4 30. Nxd4 Rxd4 31. Rxc3 a5 32. Rc7 Kg8 33. Ra7 Rd5 34. g4 f5 35. Kg2 f4 36. Kf3 Re5 37. h4 h6 38. h5 Kh8 39. Rf7 a4 40. Rf5 Re1 41. bxa4 Ra1 42. Ra5 Rxa2 43. Ra7 Kg8 44. a5 Kh8 45. a6 Kg8 46. Ke4 Rxf2 47. Kf5 Rb2 48. Rb7 Ra2 49. a7 Ra5+ 50. Ke4 Ra4+ 51. Kd3 Ra3+ 52. Kc2 f3 53. Rb8+ Kf7 54. a8Q Rxa8 55. Rxa8 f2 56. Ra1 Ke6 57. Rf1 Ke5 58. Rxf2 Ke4 59. Rf6 1-0